• 首页
  • 本馆介绍
  • 公告通知
  • 最新文献
  • 馆藏检索
  • 电子资源
  • 读者导购
  • 参考咨询
  • 我的图书馆
  • 登录
  • 详细信息显示
  • 放入我的书架
  • 预约/预借图书
  • 作者相关作品
  • 分类相关作品
  • 丛书相关作品
  • 出版社相关作品

书目信息

  • 表格格式
  • 工作单格式
  • 卡片格式
题名:
词曲概论
    
 
作者: 龙榆生 著
分册:  
出版信息: 上海   上海古籍出版社  1980
页数: 181页
开本: 19cm
丛书名:
单 册:
中图分类: I052
科图分类:
主题词: 文学理论--各体 , 创作方法--各体
电子资源:
ISBN:
000 00615nam0 2200241 45
001 0180004768
005 20060913112638.64
010    @dCNY0.48
091    @a10186.153
100    @a19950522d1980 em y0chiy0121 ea
101 0  @achi
102    @aCN@b310000
105    @ay z 000yy
200 10 @a词曲概论@Aci qu gai lun@f龙榆生著
210    @a上海@c上海古籍出版社@d1980
215    @a181页@d19cm
606 0  @a文学理论@x各体
606 0  @a创作方法@x各体
690    @aI052
701  0 @a龙榆生@Along yu sheng@4著
801  2 @aCN@bNLC@c20060913
801  0 @aCN@b上海图书馆@c20040428
905    @f1@b31274@dI052@e10
    
    词曲概论/龙榆生著.-上海:上海古籍出版社,1980
    181页;19cm
    
    
    ISBN :CNY0.48
    
●
相关链接 在E读中查询图书 在五车中查询图书 在当当中查询图书 在豆瓣中查询图书


正题名:词曲概论     索取号:I052/10         预约/预借

序号 登录号 条形码 馆藏地/架位号 状态 备注
1 0021273   000909985   第一样本阅览室/ [索取号:I052/10] 在馆    
2 0031274   000909930   第二借阅区/ [索取号:I052/10] 在馆    
3 0473203   204732030   密集书库/ [索取号:I052/10] 在馆    
唐山师范学院图书馆 欢迎您!
大连网信软件有限公司© 版权所有